| 000 | 00518nam a22001817a 4500 | ||
|---|---|---|---|
| 003 | 0 | ||
| 005 | 20240425095347.0 | ||
| 008 | 240425b xxu||||| |||| 00| 0 eng d | ||
| 020 | _a9780603570124 | ||
| 050 |
_aER _bEey26 2019 |
||
| 082 |
_aER _bEey26 2019 |
||
| 245 | _aEeyore has a birthday | ||
| 260 |
_aLondon _bDisney Enterprises, Inc., _cc2019. |
||
| 300 |
_aunpaged : _bcolored illustrations ; _c24 cm. |
||
| 650 | _aDonkeys--Juvenile Fiction. | ||
| 650 | _aBirthday--Children's stories. | ||
| 942 |
_2ddc _cBK |
||
| 999 |
_c365959 _d365959 |
||